Engineering economy

Bibliographic Details
Main Authors: Thuesen, G. J. , 1938- (Author), Fabrycky, W. J. [ (Wolter J.)] , 1932- (Author)
Format: Book
Published: Englewood Cliffs, NJ : Prentice-Hall , c1984
Edition:6th ed
Subjects:

MARC

LEADER 00000cam a2200000 7i4500
001 0000003990
005 20190508093000.0
008 021118s1984
020 |a 0132777231 
090 0 0 |a TA177.4   |b .T47 
100 0 |a Thuesen, G. J. ,   |d 1938- ,   |e author 
245 1 0 |a Engineering economy   |c G. J. Thuesen, W. J. Fabrycky 
250 |a 6th ed 
260 2 |a Englewood Cliffs, NJ :   |b Prentice-Hall ,   |c c1984 
300 |a 633 p. ;   |c 24 cm. 
504 |a Includes biblographical references (p. 617-619) and index 
650 0 |a Engineering economy 
700 1 |a Fabrycky, W. J. [  |q (Wolter J.)] ,   |d 1932- ,   |e author 
999 |a 1000035293   |b Book   |c OPEN SHELF (30 DAYS)   |e Gong Badak Campus